00687nam a2200181 a 450000100100000000500170001000800410002704000250006808200170009310000310011024500950014126000530023630000280028970000410031704900090035895201210036799900170048800002300120200930021926.0101124s1926 fr a r 000 0 spa d aDO-SdBNPbspacBNPHU axxxxxbF825h1 aFranco, Hernández94731913aEl hombre que había perdido su eje /cHernández Franco ; prólogo E. Gascó Contell. aParís :bAgencia Mundial de Librería,c1926. a145 p. :bil. ;c20 cm.1 aGascó Contell, E.,epról.947320 aBNGR 001054708MOaGRbGRcCTd2010-11-24iLF1l0oxxxxx F825hp23001-10r2020-06-25w2020-06-25y4ZPréstamo en sala c22498d22498